Mind, adaptation and childhood

Αποθηκεύτηκε σε:
Λεπτομέρειες βιβλιογραφικής εγγραφής
Άλλοι συγγραφείς: Wozniak, Robert H. (Επιμελητής έκδοσης)
Μορφή: Βιβλίο
Γλώσσα:English
Δημοσίευση: London : Routledge/Thoemmes, 1995
Σειρά:History of psychology. Evolutionary origins of developmental psychology
Θέματα:
Ετικέτες: Προσθήκη ετικέτας
Δεν υπάρχουν, Καταχωρήστε ετικέτα πρώτοι!

MARC

LEADER 00000nam a2200000 i 4500
001 1/104190
008 000308s1995 eng d
020 |a 0-415-13115-4 
035 |l 10058748 
040 |a GR-MY-UA  |b gre  |e aacr 
041 0 |a eng 
082 0 |a 155 
245 1 0 |a Mind, adaptation and childhood /  |c edited and introduced by Robert H. Wozniak 
260 |a London :   |b Routledge/Thoemmes,   |c 1995 
300 |a 449 p. 
490 1 |a History of psychology. Evolutionary origins of developmental psychology 
650 0 0 |a Developmental psychology  |x History. 
650 0 0 |a Child psychology. 
650 0 0 |a Child development. 
700 1 |a Wozniak, Robert H.  |4 edt 
830 0 |a History of psychology. Evolutionary origins of developmental psychology 
852 |a INST  |b RHODES  |e 20000308  |h 155 MIN  |p 005400012706  |q 005400012706  |t BK  |y 0 
901 |a BIBL4-2000-1 
909 |a Ρ  |b 070500 
922 |a 4ΕΛΗ  |b 199910  |c ΚΠΣ/154 
970 |z 2000/03/08